Sam Manekshaw's: (Record no. 190116)

MARC details
000 -LEADER
fixed length control field 00679nam a22002297a 4500
005 - DATE AND TIME OF LATEST TRANSACTION
control field 20220718162622.0
010 ## - LCCN (DPL NO)
LC control number ENG-133653
020 ## - INTERNATIONAL STANDARD BOOK NUMBER
International Standard Book Number 97881951499002
Terms of availability 500.00
035 ## - SYSTEM CONTROL NUMBER
System control number EN-117183
037 ## - SOURCE OF ACQUISITION
Source of stock number/acquisition DBAD/PUB
100 ## - MAIN ENTRY--PERSONAL NAME
Personal name Vijayaraghavan, N
245 ## - TITLE STATEMENT
Title Sam Manekshaw's:
Remainder of title Beloved ARMED Forces
Statement of responsibility, etc N Vijayaraghavan
260 ## - PUBLICATION, DISTRIBUTION, ETC. (IMPRINT)
Place of publication, distribution, etc Chennai
Name of publisher, distributor, etc Kalaimagal Publications
Date of publication, distribution, etc 2021
270 ## - ADDRESS
Address 34/2 Veerabadran Street, Mylapore
City Chennai
Postal code 110002
300 ## - PHYSICAL DESCRIPTION
Extent 346p
Dimensions 22.1cm(Pbk)
700 ## - ADDED ENTRY--PERSONAL NAME
Personal name Brown, Gordon
700 ## - ADDED ENTRY--PERSONAL NAME
Personal name Brookmyre, Chris
700 ## - ADDED ENTRY--PERSONAL NAME
Personal name Cleeves, Ann
700 ## - ADDED ENTRY--PERSONAL NAME
Personal name Johnstone, Doug
700 ## - ADDED ENTRY--PERSONAL NAME
Personal name MacBride, Stuart
942 ## - ADDED ENTRY ELEMENTS (KOHA)
Source of classification or shelving scheme Dewey Decimal Classification
Item type English Books
Classification part 920
Call number suffix VIJ
Holdings
Withdrawn status Lost status Not for loan Collection code Home library Current library Date acquired Source of acquisition Cost, normal purchase price Full call number Barcode Copy number Cost, replacement price Koha item type
      Non-fiction Bawana Bawana 18/07/2022 DBAD/PUB 500.00 920 VIJ EN-117185 1 500.00 English Books

© Delhi Public Library
Hit Counter
free hit counter